| 000 | 00408nam a2200169Ia 4500 | ||
|---|---|---|---|
| 008 | 170705s9999 xx 000 0 und d | ||
| 020 | _a9780545157766 | ||
| 245 | _aCaterpillars and butterflies / | ||
| 245 | _cby Stephanie Turnbull. | ||
| 260 | _aNew York : | ||
| 260 | _bScholastic, | ||
| 260 | _c2006 | ||
| 300 | _a32 pages : | ||
| 300 | _bcolor illustration ; | ||
| 300 | _c20cm. | ||
| 500 | _a630 | ||
| 999 |
_c337125 _d337125 |
||